El funcionamiento de la economia socialista (Record no. 188975)

MARC details
000 -LEADER
campo de control de longitud fija 00921nam a2200241 i 4500
001 - NÚMERO DE CONTROL
campo de control 188975
003 - IDENTIFICADOR DE NÚMERO DE CONTROL
campo de control ES-MaACL
005 - FECHA Y HORA DE LA ÚLTIMA TRANSACCIÓN
campo de control 20250824203229.0
007 - CAMPO FIJO DE DESCRIPCIÓN FÍSICA--INFORMACIÓN GENERAL
campo de control de longitud fija t|
008 - DATOS DE LONGITUD FIJA--INFORMACIÓN GENERAL
campo de control de longitud fija 190307s1969 sp ||||1| spa d
100 1# - ENTRADA PRINCIPAL--NOMBRE DE PERSONA
Nombre de persona Brus, Wlodzimierz.
9 (RLIN) 166570
245 13 - MENCIÓN DEL TÍTULO
Título El funcionamiento de la economia socialista
Resto del título : problemas generales /
Mención de responsabilidad, etc. Wlodzimierz Brus ; [versión de Baltasar Aymerich Coromimas, Carlos Bernat Juanos, y Felix Pardo-Ruiz (apendices)].
260 ## - PUBLICACIÓN, DISTRIBUCIÓN, ETC.
Lugar de publicación, distribución, etc. Barcelona :
Nombre del editor, distribuidor, etc. Oikos-Tau,
Fecha de publicación, distribución, etc. [1969]
300 ## - DESCRIPCIÓN FÍSICA
Extensión 288 p. ;
Dimensiones 21 cm.
490 1# - MENCIÓN DE SERIE
Mención de serie Colección "Libros de Economía Oikos" ;
Designación de volumen o secuencia 16
650 04 - PUNTO DE ACCESO ADICIONAL DE MATERIA--TÉRMINO DE MATERIA
Término de materia o nombre geográfico como elemento de entrada Economía marxista.
9 (RLIN) 12033
700 0# - ENTRADA AGREGADA--NOMBRE PERSONAL
Nombre de persona Aymerich Corominas, Baltasar.
9 (RLIN) 24181
700 1# - ENTRADA AGREGADA--NOMBRE PERSONAL
Nombre de persona Bernat Juanós, Carlos.
9 (RLIN) 166571
700 1# - ENTRADA AGREGADA--NOMBRE PERSONAL
Nombre de persona Pardo-Ruiz, Felix.
9 (RLIN) 166572
830 00 - PUNTO DE ACCESO ADICIONAL DE SERIE-TÍTULO UNIFORME
Título uniforme Colección "Libros de economía Oikos"
Designación de volumen o secuencia 16
9 (RLIN) 187436
852 ## - LOCALIZACIÓN
Ubicación ES-MaACL
Número de control de estantería P-522-Ter-16
Holdings
Estatus retirado Estado de pérdida Estado de daño No para préstamo Biblioteca de origen Biblioteca actual Ubicación en estantería Fecha de adquisición Fuente de adquisición Total de préstamos Signatura topográfica completa Código de barras Visto por última vez Precio de reemplazo Tipo de ítem Koha
        Biblioteca del Ateneo de Madrid Biblioteca del Ateneo de Madrid Depósito 2 07/03/2019     P-522-Ter-16 1200128 23/02/2023 23/02/2023 Libro impreso